Freight transport modelling (Record no. 19006)
[ view plain ]
| 000 -LEADER | |
|---|---|
| fixed length control field | 01248nam a2200313 a 4500 |
| 245 00 - TITLE STATEMENT | |
| Title | Freight transport modelling |
| 250 ## - EDITION STATEMENT | |
| Edition statement | 1st ed. |
| 260 ## - PUBLICATION, DISTRIBUTION, ETC. (IMPRINT) | |
| Place of publication | Bingley, United Kingdom : |
| Name of publisher | Emerald, |
| Year of publication | 2013. |
| 300 ## - PHYSICAL DESCRIPTION | |
| Number of Pages | xiv, 497 p. : |
| Other physical details | ill. (some col.) |
| 650 #0 - SUBJECT ADDED ENTRY--TOPICAL TERM | |
| Topical Term | Freight and freightage |
| 700 1# - ADDED ENTRY--PERSONAL NAME | |
| Personal name | Ben Akiva, Moshe. |
| Personal name | Meersman, Hilde. |
| Personal name | Voorde, Eddy van de. |
| 856 40 - ELECTRONIC LOCATION AND ACCESS | |
| Uniform Resource Identifier | http://site.ebrary.com/lib/rucke/Doc?id=10705873 |
No items available.
